| 000 | 00471nam a2200169Ia 4500 | ||
|---|---|---|---|
| 008 | 151213s9999 xx 000 0 und d | ||
| 020 | _a978-0-19-953706-8 | ||
| 082 |
_a823.4 _b823.4 |
||
| 100 | _aChristopher Marlowe | ||
| 245 |
_aDoctor Faustus Other plays _cChristopher Marlowe |
||
| 260 |
_aOxford _bOxford University Press |
||
| 300 | _a11848 p. | ||
| 650 | _aEnglish Literature | ||
| 650 | _aEnglish Literature | ||
| 700 | _aChristopher Marlowe | ||
| 999 |
_c5059 _d5059 |
||